LEADER 01539nam0-2200505---450- 001 990000070640203316 005 20091027103728.0 010 $a0-333-73170-0 035 $a0007064 035 $aUSA010007064 035 $a(ALEPH)000007064USA01 035 $a0007064 100 $a20000914d1999----|||y0itay0103----ba 101 0 $aeng 102 $agb 105 $a||||||||001yy 200 1 $aBritain and the Maastricht negotiations$fAnthony Forster 210 $aLondon$cMacMillan$d1999 215 $aIX, 211 p.$d22 cm 225 2 $aSt. Antony's series 610 $aUnione europea e Gran Bretagna 676 $a337.41 700 1$aFORSTER,$bAnthony$0516871 801 $aIT$bSALBC$gISBD 912 $a990000070640203316 951 $aXXIII.4.C. 411 (IG VIII 12 ING 928)$b25315 G.$cXXIII.4.C. 411 (IG VIII 12 ING)$d00003027 959 $aBK 979 $c20000914$lUSA01$h1732 979 $c20000919$lUSA01$h1047 979 $c20000919$lUSA01$h1521 979 $c20001019$lUSA01$h1055 979 $c20001019$lUSA01$h1453 979 $c20001019$lUSA01$h1500 979 $c20001019$lUSA01$h1538 979 $c20001024$lUSA01$h1514 979 $c20001027$lUSA01$h1518 979 $c20001027$lUSA01$h1523 979 $c20001110$lUSA01$h1709 979 $c20001124$lUSA01$h1207 979 $c20020403$lUSA01$h1614 979 $aPATRY$b90$c20040406$lUSA01$h1606 979 $aRSIAV5$b90$c20091027$lUSA01$h1037 996 $aBritain and the Maastricht negotiations$91488999 997 $aUNISA bas $agiu LEADER 01399cam2-2200445---450 001 990000530070203316 005 20180619125535.0 010 $a88-11-30381-8$b(vol. 1) 010 $a88-11-30382-6$b(vol. 2) 035 $a0053007 035 $aUSA010053007 035 $a(ALEPH)000053007USA01 035 $a0053007 100 $a20010628d1997----km-y0itay5003----ba 101 0 $aita 102 $aIT 105 $ay 00 y 200 1 $aCronologia universale 210 $aMilano$cGarzanti$d1997 215 $a2 volumi (1904 p.)$d24 cm 225 2 $aArgomenti più 327 1 $aDalla preistoria all'età moderna$aEtà contemporanea 410 0$10010053006$12001$aArgomenti più 540 1 $aDalla preistoria all'età moderna 540 1 $aEtà contemporanea 606 0 $aCronologia$2BNCF 676 $a902.02 801 0$aIT$bsalbc$gISBD 912 $a990000530070203316 951 $aXXX.A. Coll. 235/ 15 1(902.02 CRO 1)$b138034 L.M.$cXXX.A. Coll.$d411610 951 $aXXX.A. Coll. 235/ 15 2(902.02 CRO 2)$b138033 L.M.$cXXX.A. Coll.$d411611 959 $aBK 969 $aGIU 979 $aPATTY$b90$c20010628$lUSA01$h1305 979 $c20020403$lUSA01$h1702 979 $aPATRY$b90$c20040406$lUSA01$h1637 979 $aCOPAT3$b90$c20051212$lUSA01$h1209 979 $aCOPAT6$b90$c20070116$lUSA01$h1319 996 $aCronologia universale$9113221 997 $aUNISA LEADER 01382nam a2200301 i 4500 001 991000485539707536 005 20020503181810.0 008 010412s1997 it ||| | ita 020 $a8814062870 035 $ab10084502-39ule_inst 035 $aLE02516903$9ExL 040 $aFac. Economia$bita 082 0 $a346.45082 100 1 $aAntonucci, Antonella$0132970 245 10$aDiritto delle banche :$baggiornato al decreto Eurosim (d. lgs. 23 luglio 1996, n.415) e ai provvedimenti comparsi in Gazzetta ufficiale al 30 settembre 1996 /$cAntonella Antonucci 260 $aMilano :$bGiuffrè,$c[1997] 300 $aix, 450 p. ;$c23 cm. 490 0 $aPiccola biblioteca Giuffrè. $pTesti di preparazione giuridica ed economica 500 $aContiene appendice normativa 650 4$aBanche$xLegislazione 907 $a.b10084502$b17-02-17$c27-06-02 912 $a991000485539707536 945 $aLE025 ECO 346 ANT01.01$g1$i2025000054691$lle025$o-$pE0.00$q-$rl$s- $t0$u2$v0$w2$x0$y.i10097260$z27-06-02 945 $aLE025 ECO 346 ANT01.01$g2$i2025000054707$lle025$o-$pE0.00$q-$rl$s- $t0$u0$v0$w0$x0$y.i10097272$z27-06-02 945 $aLE025 346 ANT 3$g3$i2025000054820$lle025$nSmarrito 6/2/2014$o-$pE0.00$q-$rn$sm $t0$u0$v0$w0$x0$y.i10097284$z27-06-02 996 $aDiritto delle banche$966828 997 $aUNISALENTO 998 $ale025$b01-01-01$cm$da $e-$fita$git $h0$i3